Name a First Level Subdivision of Every Country - Statistics

General Stats
  • This quiz has been taken 28 times
    15 since last reset
  • The average score is 125 of 201
Answers on the Map
Answers color-coded by a green-red scale on the quiz's map according to % correct below.
 
Answer Stats
Country Answer % Correct
Cameroon Adamawa Centre East Far North Littoral North Northwest South Southwest West
100%
Lebanon Akkar Baalbek-Hermel Beirut Beqaa Keserwan-Jbeil Mount Lebanon Nabatieh North South
100%
United States
Agua Caliente Alabama–CoushattaAllegany Annette Island Augustine Bad River Bajo Nuevo Bank Barona Battle Mountain Bay Mills Benton Paiute Big Cypress Big Pine Bishop Blackfeet Bois Forte Bridgeport Brighton Cabazon Caddo-Wichita Nation Cahuilla Campbell Campo Capitan Grande Catawba Cattaraugus Chehalis Chemehuevi Cherokee Cheyenne-Arapaho Cheyenne River Chickasaw Nation Chitimacha Choctaw Nation Citizen Potawatomi Nation\Absentee Shawnee Cocopah Coeur d'Alene Colorado River Colville Connecticut Coos, Lower Umpqua, and Siuslaw Coquille Coushatta Cow Creek Cowlitz Coyote Valley Crow Crow Creek Delaware Nation Duckwater Eastern Shawnee Ely Ewiiaapaayp Fallon Paiute-Shoshone Flandreau Flathead Fond du Lac Forest County Potawatomi Fort Apache Fort Belknap Fort Berthold Fort Bidwell Fort Hall Fort Independence Fort McDermitt Fort McDowell Yavapai Nation Fort Mojave Fort Peck Fort Pierce Fort Sill Apache Fort Yuma Gila River Goshute Grand Portage Grand Ronde Grand Traverse Hannahville Havasupai Ho-Chunk Nation Hoh Hollywood Hoopa Valley Houlton Maliseet Howland Island Hualapai Huron Potawatomi Immokalee Inaja and Cosmit Indian Township Iowa Reservation Iowa of Oklahoma Isabella Jamestown S'Klallam Jamul Indian Village Jena Band of Choctaw Jicarilla Apache Nation Kaibab Kalispel Karuk Kaw Nation Kickapoo of Kansas Kickapoo of Oklahoma Kickapoo of Texas Kiowa-Comanche-Apache-Fort Sill Apache Klamath Kootenai La Jolla La Posta Lac Courte Oreilles Lac du Flambeau Lac Vieux Desert Lake Traverse L'Anse Leech Lake Little River Little Traverse Bay Lone Pine Los Coyotes Lower Brule Lower Elwha Lower Sioux Lummi Makah Manzanita Maricopa Ak Chin Mashantucket Pequot Mashpee Wampanoag Match-e-be-nash-she-wish Band of Pottawatomi Mattaponi Menominee Mesa Grande Mescalero Meskwaki Nation Miami of Oklahoma Miccosukee Mille Lacs Minnesota Mississippi Choctaw Moapa River Modoc Nation Mohegan Morongo Muckleshoot Muscogee (Creek) Nation Narragansett Navajo Nez Perce Nisqually Nooksack Northern Cheyenne Northwestern Shoshone Oil Springs Omaha Oneida Oneida Nation Onondaga Nation Ontonagon Osage Otoe-Missouria Ottawa of Oklahoma Paiute Pala Pamunkey Pascua Pueblo Yaqui Pauma and Yuima Pawnee Nation Pechanga Pennsylvania Penobscot Peoria Pine Ridge Pleasant Point Poarch Creek Pokagon Ponca Nation Port Gamble Port Madison Prairie Band of Potawatomi Nation Prairie Island Puyallup Pyramid Lake Paiute Qualla Boundary Quapaw Nation Quartz Valley Quileute Quinault Ramona Red Cliff Red Lake Rincon Rocky Boy's Rosebud Round Valley Sac and Fox Nation of Missouri in Kansas and Nebraska Sac and Fox Nation of Oklahoma Salt River San Carlo San Manuel San Pasqual Santa Rosa Santa Ynez Santa Ysabel Santee Sauk-Suiattle Sault Ste. Marie Seminole Nation Seneca-Cayuga Nation Serranilla Bank Shakopee Mdewakanton Sioux Shinnecock Shoalwater Bay Siletz Skokomish Skull Valley Snoqualmie Soboba Sokaogon Chippewa Southern Ute South Fork Spirit Lake Spokane Squaxin Island St. Croix St. Regis Mohawk Standing Rock Stewart Stillaguamish Stockbridge Munsee Summit Lake Susanville Swinomish Sycuan Table Bluff Tampa Timbi-Sha Shoshone Tohono Oʼodham Tonawanda Tonkawa Nation Tonto Apache Torres-Martinez Tulalip Tule River Tunica-Biloxi Turtle Mountain Tuscarora Nation Twenty-Nine Palms Uintah and Ouray Umatilla Upper Sioux Upper Skagit Ute Mountain Viejas Wake Island Walker River Warm Springs West Virginia White Earth Wind River Winnebago Woodfords Wyandotte Nation Yakama Nation Yankton Yavapai-Apache Nation Yavapai-Prescott Yomba Yurok
100%
Bahamas Acklins Berry Islands Bimini Black Point Cat Island Central Abaco Central Andros Central Eleuthera Crooked Island East Grand Bahama Exuma Freeport Grand Cay Green Turtle Cay Harbour Island Hope Town Inagua Long Cay Long Island Mangrove Cay Mayaguana Moore's Island New Providence North Abaco North Andros North Eleuthera Ragged Island Rum Cay San Salvador South Abaco South Andros South Eleuthera Spanish Wells West Grand Bahama
86%
Brasil Acre Alagoas Amapá Amazonas Bahia Ceará Espírito Santo Goiás Maranhão Mato Grosso Mato Grosso do Sul Minas Gerais Pará Paraíba Paraná Pernambuco Piauí Rio de Janeiro Rio Grande do Norte Rio Grande do Sul Rondônia Roraima Santa Catarina São Paulo Sergipe Tocantins
86%
Türkiye Adana Adıyaman Afyonkarahisar Ağrı Aksaray Amasya Ankara Antalya Ardahan Artvin Aydın Balıkesir Bartın Batman Bayburt Bilecik Bingöl Bitlis Bolu Burdur Bursa Çanakkale Çankırı Çorum Denizli Diyarbakır Düzce Edirne Elazığ Erzincan Erzurum Eskişehir Gaziantep Giresun Gümüşhane Hakkâri Hatay Iğdır Isparta Istanbul İzmir Kahramanmaraş Karabük Karaman Kars Kastamonu Kaysei Kilis Kırıkkale Kırklareli Kırşehir Kocaeli Konya Kütahya Malatya Manisa Mardin Mersin Muğla Muş Nevşehir Niğde Ordu Osmaniye Rize Sakarya Samsun Şanlıurfa Siirt Sinop Sivas Şırnak Tekirdağ Tokat Trabzon Tunceli Uşak Van Yalova Yozgat Zonguldak
86%
Ethiopia Afar Amhara Benishangul-Gumuz Central Ethiopia Regional State Gambela Harari Oromia Sidama Somali Region South Ethiopia Regional State Southwest Ethiopia Peoples' Regional State Tigray
86%
Mexico Aguascalientes Baja California Baja California Sur Campeche Chiapas Chihuahua Coahuila de Zaragoza Colima Durango Guanajuato Guerrero Hidalgo Jalisco México Michoacán de Ocampo Morelos Nayarit Nuevo León Oaxaca Puebla Querétaro Quintana Roo San Luis Potosí Sinaloa Sonora Tabasco Tamaulipas Tlaxcala Veracruz de Ignacio de la Llave Yucatán Zacatecas
86%
Saudi Arabia al-Bahah al-Jouf al-Qassim Asir Eastern Ḥa'il Jazan Makkah Medina Najran Northern Borders Riyadh Tabuk
86%
Sudan al-Qaḍārif Blue Nile Central Darfur East Darfur Gezira Kassala Khartoum North Darfur North Kordofan Northern Red Sea River Nile Sennar South Darfur South Kordofan West Darfur West Kordofan White Nile
86%
Guatemala Alta Verapaz Baja Verapaz Chimaltenango Chiquimula El Progreso Escuintla Guatemala Huehuetenango Izabal Jalapa Jutiapa Petén Quetzaltenango Quiché Retalhuleu Sacatepéquez San Marcos Santa Rosa Sololá Suchitepéquez Totonicapán Zacapa
86%
Peru Amazonas Ancash Apurímac Arequipa Ayacucho Cajamarca Cusco Huancavelica Huánuco Ica Junín La Libertad Lambayeque Loreto Madre de Dios Moquegua Pasco Piura Puno San Martín Tacna Tumbes Ucayali
86%
Russia Amur Arkhangelsk Astrakhan Belgorod Bryansk Chelyabinsk Irkutsk Ivanovo Kaliningrad Kaluga Kemerovo
Kherson
Kirov Kostroma Kurgan Kursk Leningrad Lipetsk Magadan Moscow Murmansk Nizhny Novgorod Novgorod Novosibirsk Omsk Orenburg Oryol Penza Pskov Rostov Ryazan Sakhalin Samara Saratov Smolensk Stavropol Sverdlovsk Tambov Tomsk Tula Tver Tyumen Ulayanovsk Vladimir Volgograd Vologda Voronezh Yaroslavl
Zaporozhye
86%
India Andhra Pradesh Arunachal Pradesh Assam Bihar Chhattisgarh Goa Gujarat Haryana Himachal Pradesh Jharkhand Karnataka Kerala Madhya Pradesh Maharashtra Manipur Meghalaya Mizoram Nagaland Odisha Punjab Rajasthan Sikkim Tamil Nadu Telangana Tripura Uttar Pradesh Uttarakhand West Bengal
86%
China Ānhuī Fújiàn Gānsù Guǎngdōng Guìzhōu Hǎinán Héběi Hēilóngjiāng Hénán Húběi Húnán Jiāngsū Jiāngxī Jílín Liáoníng Qīnghǎi Shǎnxī Shāndōng Shānxī Sìchuān
Táiwān
Yúnnán Zhèjiāng
86%
Cuba Artemisa Camagüey Ciego de Ávila Cienfuegos Granma Guantánamo Holguín La Habana Las Tunas Matanzas Mayabeque Pinar del Río Sancti Spíritus Santiago de Cuba Villa Clara
86%
Tanzania Arusha Dar es Salaam Dodoma Geita Iringa Kagera Katavi Kigoma Kilimanjaro Lindi Manyara Mara Mbeya Mjini Magharibi Morogoro Mtwara Mwanza Njombe Pemba North Pemba South Pwani Rukwa Ruvuma Shinyanga Simiyu Singida Songwe Tabora Tanga Unguja North Unguja South
86%
France Auvergne-Rhône-Alpes Bourgogne-Franche-Comté Bretagne Centre-Val de Loire Corsica Grand Est Hauts-de-France Île-de-France Normandy Nouvelle-Aquitaine Occitanie Pays de la Loire Provence-Alpes-Côte d'Azur
86%
Afghanistan Badakhshan Badghis Baghlan Balkh Bamyan Daykundi Farah Faryab Ghazni Ghor Helmand Herat Jowzjan Kabul Kandahar Kapista Khost Kunar Kunduz Laghman Logar Nangarhar Nimruz Nuristan Paktia Paktika Panjshir Parwan Samangan Sar-e Pol Takhar Uruzgan Wardak Zabul
86%
Germany Baden-Württemberg Berlin Brandenburg Bremen Hamburg Hessen Mecklenburg-Vorpommern Niedersachsen Nordrhein-Westfalen Rheinland-Pfalz Saarland Sachsen-Anhalt Schleswig-Holstein
86%
Indonesia Bali Bangka Belitung Islands Banten Bengkulu Central Java Central Kalimantan Central Sulawesi East Java East Kalimantan East Nusa Tenggara Gorontalo Jambi Lampung Maluku North Kalimantan North Maluku North Sulawesi North Sumatra Riau Riau Islands South Kalimantan South Sulawesi South Sumatra Southeast Sulawesi West Java West Kalimantan West Nusa Tenggara West Sulawesi West Sumatra
86%
Pakistan Balochistan Khyber Pakhtunkhwa Punjab Sindh
86%
Cabo Verde Boa Vista Brava Maio Mosteiros Paul Porto Novo Praia Ribeira Brava Ribeira Grande Ribeira Grande de Santiago Sal Santa Catarina Santa Catarina do Fogo Santa Cruz São Domingos São Filipe São Lourenço dos Órgãos São Miguel São Salvador do Mundo São Vicente Tarrafal Tarrafal de São Nicolau
86%
Botswana Central Chobe Ghanzi Kgalagadi Kgatleng Kweneng North-East North-West South-East Southern
86%
Israel Central Haifa
Jerusalem Northern Southern Tel Aviv
86%
Ukraine Cherkasy Chernihiv Chernivtsi Dnipropetrovsk
Donetsk
Ivano-Frankivsk Kharkiv
Kherson
Khmelnytskyi Kirovohrad Kyiv
Luhansk
Lviv Mykolaiv Odesa Poltava Rivne Sumy Ternopil Vinnytsia Volyn Zakarpattia
Zaporizhzhia
Zhytomyr
86%
South Africa Eastern Cape Free State Gauteng KwaZulu-Natal Limpopo Mpumalanga North West Northern Cape Western Cape
86%
Malta Eastern Gozo Northern Port Southern Western
86%
Rwanda Eastern Kigali Northern Southern Western
86%
Sierra Leone Eastern Northern North West Southern Western Area
86%
Somalia Galmudug Hirshabelle Jubaland Khatumo
Puntland
Somaliland
South West
86%
Georgia Guria
Imereti
Kakheti Kvemo Kartli
Mtskheta-Mtianeti
Rach’a-Lechkhumi da Kvemo Svaneti
Samegrelo-Zemo Svaneti Samtskhe-Javakheti
Shida Kartli
Tbilisi
86%
Canada
Aamjiwnaang First Nation Abegweit First Nation Abitibiwinni First Nation Acadia First Nation Acho Dene Koe First Nation Ahousaht First Nation Ahtahkakoop First Nation Aitchelitz Band Aklavik First Nation Albany First Nation Alderville First Nation Alexander First Nation Alexis Nakota Sioux First Nation Algonquins of Barrière Lake Algonquins of Pikwàkanagàn First Nation Animbiigoo Zaagi'igan Anishinaabek Anishinabe of Wauzhushk Onigum Nation Anishnaabeg of Naongashiing Annapolis Valley First Nation Aroland First Nation Asubpeeschoseewagong First Nation Athabasca Chipewyan First Nation Atikameksheng Anishnawbek First Nation Atikamekw de Manawan Atikamekw de Opitciwan Attawapiskat First Nation Aundeck-Omni-Kaning First Nation Bande des Innus de Pessamit Barren Lands First Nation Batchewana First Nation Bear River First Nation Beardy's & Okemasis First Nation Bearfoot Onondaga First Nation Bearskin Lake First Nation Bearspaw First Nation Beausoleil First Nation Beaver First Nation Beaver Lake Cree Nation Beaverhouse First Nation Beaverhouse First Nation Beecher Bay First Nation Behdzi Ahda' First Nation Berens River First Nation Betsiamites First Nation Big Grassy First Nation Big Island Lake Cree Nation Big River First Nation Bigstone Cree Nation Biinjitiwaabik Zaaging Anishinaabek First Nation Bingwi Neyaashi Anishinaabek First Nation Birch Narrows First Nation Birdtail Sioux First Nation Bkejwanong Territory First Nation Black Lake Dene Nation Bloodvein First Nation Blueberry River First Nation Bridge River Indian Band Brokenhead Ojibway Nation Brunswick House First Nation Buffalo Point First Nation Buffalo River Dene Nation Bunibonibee Cree Nation Burnt Church First Nation Caldwell First Nation Campbell River First Nation Canoe Lake Cree Nation Canupawakpa Dakota First Nation Cape Mudge Band Carcross\Tagish First Nation Carry the Kettle Nakoda First Nation Cat Lake First Nation Cayoose Creek Band Chacachas First Nation Chakastapaysin Band of the Cree Nation Champagne and Aishihik First Nations Chapel Island First Nation Chapleau Cree First Nation Chapleau Ojibway First Nation Chawathil First Nation Che:k:tles7et'h' First Nation Cheam Indian Band Chemainus First Nation Chemawawin Cree Nation Chiniki Nation Chipewyan Prairie First Nation Chippewa of the Thames First Nation Chippewas of Georgina Island First Nation Chippewas of Kettle and Stony Point Chippewas of Mnjikaning First Nation Chippewas of Nawash Chippewas of Rama First Nation Chippewas of Saugeen Clearwater River Dene Nation Cold Lake First Nations Conseil de la Nation Innu Matimekush - Lac-John Conseil des Atikamekw de Wemotaci Constance Lake First Nation Coté First Nation Couchiching First Nation Cowessess First Nation Cowichan Tribes Cree Nation of Chisasibi Cree Nation of Mistissini Cree Nation of Nemaska Cree Nation of Wemindji Cross Lake First Nation Cumberland House Cree Nation Curve Lake First Nation Dakota Plains First Nation Dakota Tipi First Nation Dauphin River First Nation Day Star First Nation Dechi Laot'i First Nations Deer Lake First Nation Deh Gáh Got'ı̨ę First Nation Delaware First Nation Dene Tha' First Nation Deninu Kųę́ First Nation Ditidaht First Nation Dog Rib Rae First Nation Dokis First Nation Driftpile First Nation Duncan's First Nation Délı̨nę First Nation Eabametoong First Nation Eagle Lake First Nation Eagle Village First Nation - Kipawa Eastmain First Nation Ebb and Flow First Nation Eel Ground First Nation Eel River Bar First Nation Ehattesaht First Nation Elsipogtog First Nation English River First Nation Enoch Cree Nation Ermineskin Cree Nation Eskasoni First Nation Esquimault Nation Essipit First Nation First Nation of Na-Cho Nyäk Dun Fisher River Cree Nation Fishing Lake First Nation Flying Dust First Nation Flying Post First Nation Fond du Lac Dene Nation Fort Albany First Nation Fort Folly First Nation Fort Good Hope First Nation Fort McKay First Nation Fort McMurray First Nation Fort Severn First Nation Fort William First Nation Fountain Indian Band Fox Lake Cree Nation Frog Lake First Nation Gamblers First Nation Gameti First Nation Garden Hill First Nation Garden River First Nation Gaspé First Nation Gesgapegiag First Nation Ginoogaming First Nation Ginoogaming First Nation Glooscap First Nation God's Lake First Nation Gordon First Nation Grand Rapids First Nation Grassy Narrows First Nation Gull Bay First Nation Gull Bay First Nation Gwa'sala-'Nakwaxda'xw Nation Gwichya Gwich'in First Nation Halalt First Nation Hatchet Lake Dene Nation Heart Lake First Nation Heiltsuk Nation Hesquiaht First Nation Hiawatha First Nation Hollow Water First Nation Hornepayne First Nation Horse Lake First Nation Hupacasath First Nation Huron-Wendat Nation Huu-ay-aht First Nation Innu Takuaikan Uashat Mak Mani-Utenam Inuvik Native Band Iskatewizaagegan 39 Independent First Nation Island Lake First Nation James Smith First Nation Jean Marie River First Nation Joseph Bighead First Nation K'atlodeeche First Nation K'ómoks First Nation Ka'a'gee Tu First Nation Kahkewistahaw First Nation Kahnawake First Nation Kainai Nation Kanesatake First Nation Kapawe'no First Nation Kasabonika Lake First Nation Kashechewan First Nation Kawacatoose First Nation Keeseekoose First Nation Keeseekoowenin Ojibway First Nation Keewaywin First Nation Kehewin Cree Nation Key First Nation Kingfisher First Nation Kingsclear First Nation Kinistin Saulteaux Nation Kinonjeoshtegon First Nation Kitchenuhmaykoosib Inninuwug First Nation Kitcisakik First Nation Kitigan Zibi Anishinabeg First Nation Kluane First Nation Konadaha Seneca First Nation Kwanlin Dün First Nation Kwantlen First Nation Kwaw-kwaw-a-pilt First Nation Kwicksutaineuk First Nation Lac Des Mille Lacs First Nation Lac La Croix First Nation Lac La Ronge First Nation Lac Seul First Nation Lakahahmen First Nation Lake Cowichan First Nation Lake Manitoba First Nation Lake St. Martin First Nation Lax-kw'alaams First Nation Lennox Island First Nation Les Atikamekw de Manawan Les Innus de Ekuanitshit Liard River First Nation Łı́ı́dlı̨ı̨ Kų́ę́ First Nation Lil'wat First Nation Listuguj Mi'gmaq First Nation Little Black Bear First Nation Little Black River First Nation Little Grand Rapids First Nation Little Pine First Nation Little Red River Cree Nation Little Salmon\Carmacks First Nation Little Saskatchewan First Nation Long Lake 58 First Nation Long Point First Nation Loon River First Nation Louis Bull Band Lower Cayuga First Nation Lower Mohawk First Nation Lubicon Lake Indian Nation Lucky Man Cree Nation Łutsël K'é Dene First Nation Lyackson First Nations M'Chigeeng First Nation M'Chigeeng First Nation Madawaska Maliseet First Nation Magnetawan First Nation Makwa Sahgaiehcan First Nation Malahat Indian Band Manto Sipi Cree Nation Marcel Colomb First Nation Marten Falls First Nation Matachewan First Nation Mathias Colomb First Nation Matsqui First Nation Mattagami First Nation McDowell Lake First Nation Membertou First Nation Metepenagiag Mi'kmaq Nation Miawpukek First Nation Michipicoten First Nation Mikisew Cree First Nation Millbrook First Nation Mishkeegogamang First Nation Missanabie Cree First Nation Mississauga First Nation Mississaugas of Scugog Island Mississaugas of the Credit First Nation Mistawasis First Nation Mistissini First Nation Mitaanjigamiing First Nation Mocreebec Indian Government Mohawk Nation of Akwesasne Mohawks of Akwesasne Mohawks of the Bay of Quinte First Nation Montagnais de Natashquan Montagnais de Pakuashipi Montagnais de Unamen Shipu Montagnais du Lac St.-Jean Montana First Nation Montreal Lake Cree Nation Moose Cree First Nation Moose Deer Point First Nation Moosomin First Nation Moravian of the Thames First Nation Mosakahiken Cree Nation Mosquito-Grizzly Bear's Head,-Lean Man First Nation Mowachaht\Muchalaht First Nations Munsee-Delaware Nation Muscowpetung First Nation Mushuau Innu First Nation Muskeg Lake First Nation Muskoday First Nation Muskowekwan First Nation Muskrat Dam Lake First Nation Musqueam First Nation Nahɂą Dehé Dene Band Naicatchewenin First Nation Namaygoosisagagun First Nation 'Namgis First Nation Nanoose First Nation Naotkamegwanning First Nation Naskapi Nation of Kawawachikamach Nation Anishinabe du Lac-Simon Nekaneet First Nation Nemaska First Nation Neskantaga First Nation Netmizaaggamig Nishnaabeg Nibinamik First Nation Nigigoonsiminikaaning First Nation Niharondasa Seneca First Nation Niisaachewan Anishinaabe Nation Nipissing First Nation Nipissing First Nation Nisichawayasihk Cree Nation North Caribou Lake First Nation North Spirit Lake First Nation Northlands First Nation Northwest Angle 33 First Nation Northwest Angle 37 First Nation Norway House Cree Nation Nuchatlaht First Nation Nuxalk First Nation O'Chiese First Nation O-Chi-Chak-Ko-Sipi First Nation Obashkaandagaang First Nation Ocean Man First Nation Ochapowace First Nation Odanak First Nation Ojibways of Batchewana Ojibways of Garden River Ojibways of Onigaming First Nation Ojibways of Sucker Creek Ojibways of the Pic River First Nation Okanese First Nation Old Massett Village Council One Arrow First Nation Oneida Nation of the Thames Onion Lake Cree Nation Onondaga Clear Sky First Nation Opaskwayak Cree Nation Oromocto First Nation Oujé-Bougoumou First Nation Pabineau First Nation Pacheedaht First Nation Paq'tnkek First Nation Pasqua First Nation Pauingassi First Nation Paul First Nation Pauquachin First Nation Pays Plat First Nation Peepeekisis First Nation Peerless Trout First Nation Peguis First Nation Pehdzeh Ki First Nation Pelican Lake First Nation Penelakut Indian Band Peter Ballantyne Cree Nation Peter Chapman First Nation Pheasant Rump Nakota First Nation Piapot First Nation Pictou Landing First Nation Piikani Nation Pikangikum First Nation Pimicikamak Government Pinaymootang First Nation Pine Creek First Nation Popkum Band Poplar Hill First Nation Poplar Point First Nation Poplar River First Nation Poundmaker Cree Nation Première Nation Malecite de Viger Qalipu First Nation Qualicum First Nation Quatsino First Nation Rainy River First Nations Red Earth First Nation Red Pheasant First Nation Red Rock Indian Band Red Sucker Lake First Nation Rolling River First Nation Roseau River Anishinabe First Nation Ross River Dena Council Sachigo Lake First Nation Saddle Lake Cree Nation Sagamok Anishnawbek First Nation Sagkeeng First Nation Sakimay First Nation Salt River First Nation Sambaa K'e First Nation Samson Cree Nation Sand Point First Nation Sandy Bay First Nation Sandy Lake First Nation Sapotaweyak Cree Nation Saugeen First Nation Saulteaux First Nation Sawridge First Nation Sayisi Dene First Nation Scia'new First Nation Scowlitz First Nation Seabird Island Band Sechelt Indian Band Seine River First Nation Selkirk First Nation Semiahmoo First Nation Serpent River First Nation Seton Lake Indian Band Shamattawa First Nation Shawanaga First Nation Sheguiandah First Nation Sheshatshiu Innu First Nation Sheshegwaning First Nation Shoal Lake 40 First Nation Shxw'ow'hamel First Nation Siksika Nation Simpcw First Nation Sinixt First Nation Sioux Valley Dakota Nation Sipekne'katik First Nation Six Nations of the Grand River Six Nations of the Grand River Elected Council Skawahlook First Nation Skidegate Band Council Skowkale First Nation Skownan First Nation Skway First Nation Slate Falls First Nation Smith's Landing First Nation Snuneymuxw First Nation Songhees First Nation Soowahlie First Nation Squamish Nation Squiala First Nation St. Mary's First Nation St. Theresa Point First Nation Standing Buffalo First Nation Stanjikoming First Nation Star Blanket Cree Nation Stoney Nation Sturgeon Lake Cree Nation Sturgeon Lake First Nation Sucker Creek First Nation Sumas First Nation Sunchild First Nation Swan Lake First Nation Swan River First Nation Sweetgrass First Nation T'it'q'et First Nation T'sou-ke Nation Ta'an Kwach'an Council Tallcree First Nation Tataskweyak Cree Nation Taykwa Tagamou First Nation Temagami First Nation Teslin Tlingit Council Tetlit Gwich'in First Nation Thessalon First Nation Thunderchild First Nation Timiskaming First Nation Tk’emlups te Secwepemc Tla-o-qui-aht First Nations Tobique First Nation Tootinaowaziibeeng First Nation Toquaht First Nation Tr’ondëk Hwëch’in First Nation Ts'kw'aylaxw First Nation Tsartlip First Nation Tsawout First Nation Tseshaht First Nation Tseycum First Nation Tsleil-Waututh First Nation Tsuu T'ina Nation Tulita Dene First Nation Tuscarora First Nation Tzeachten First Nation Uchucklesaht Tribe Ucuelet First Nation Upper Cayuga First Nation Upper Mohawk First Nation Vuntut Gwitchin First Nation Wabaseemoong Independent Nations Wabauskang First Nation Wabigoon Lake Ojibway Nation Wagmatcook First Nation Wahgoshig First Nation Wahnapitae First Nation Wahpeton Dakota Nation Wahta Mohawks Walker Mohawk First Nation Walpole Island First Nation Wapekeka First Nation War Lake First Nation Wasagamack First Nation Wasauksing First Nation Washagamis Bay First Nation Waskaganish First Nation Waswanipi First Nation Waterhen Lake First Nation Waterhen Lake First Nation Wauzhushk Onigum First Nation Wawakapewin First Nation Wawakapewin First Nation Waywayseecappo First Nation We'koqma'q First Nation Webequie First Nation Weenusk First Nation Wemindji First Nation Wesley First Nation West Point First Nation Westbank First Nation Weymontachie First Nation Wha Ti First Nation Whapmagoostui First Nation White Bear First Nation White River First Nation Whitecap Dakota\Sioux First Nation Whitefish Lake First Nation (Atikameg) Whitefish Lake First Nation (Goodfish) Whitefish River First Nation Whitesand First Nation Whitewater Lake First Nation Wikwemikong Unceded First Nation Witchekan Lake First Nation Wolf Lake First Nation Wood Mountain Dakota Sioux Nation Woodland Cree First Nation Woodstock First Nation Wunnumin Lake First Nation Wôlinak First Nation Yakweakwioose First Nation Yellow Quill First Nation Yellowknives Dene First Nation York Factory First Nation Zhiibaahaasing First Nation
86%
Uganda Abim Adjumani Agago Alebtong Amolatar Amudat Amuria Amuru Apac Arua Budaka Bududa Bugiri Bugweri Buhweju Buikwe Bukedea Bukomansimbi Bukwo Bulambuli Buliisa Bundibugyo Bunyangabu Bushenyi Busia Butaleja Butambala Butebo Buvuma Buyende Dokolo Gomba Gulu Hoima Ibanda Iganga Isingiro Jinja Kaabong Kabale Kabarole Kaberamaido Kagadi Kakumiro Kalaki Kalangala Kaliro Kalungu Kamuli Kamwenge Kapchorwa Kapelebyong Karenga Kasanda Katakwi Kayunga Kazo Kibaale Kiboga Kibuku Kikuube Kiruhura Kitagwenda Kiryandongo Kisoro Kitgum Koboko Kole Kotido Kumi Kanungu Kasese Kwania Kyankwanzi Kyegegwa Kyenjojo Kween Kyotera Lamwo Lira Luuka Luweero Lwengo Lyantonde Madi-Okollo Manafwa Maracha Masaka Masindi Mayuge Mbale Mbarara Mitooma Mityana Moroto Moyo Mpigi Mubende Mukono Nabilatuk Nakapiripirit Nakaseke Nakasongola Namayingo Namisindwa Namutumba Napak Nebbi Ngora Ntoroko Ntungamo Nwoya Obongi Omoro Otuke Oyam Pader Pakwach Pallisa Rakai Rubanda Rubirizi Rukiga Rukungiri Rwampara Sembabule Serere Sheema Sironko Soroti Terego Tororo Wakiso Yumbe Zombo
71%
Azerbaijan Abşeron Ağcabədi Ağdam Ağdaş Ağdərə Ağstafa Ağsu Astara Balakən Beyləqan Bərdə Biləsuvar Cəbrayıl Cəlilabad Daşkəsən Füzuli Gədəbəy Goranboy Göyçay Göygöl Hacıqabul İmişli İsmayıllı Kəlbəcər Kürdəmir Laçın Lerik Lənkəran Masallı Neftçala Oğuz Qax Qazax Qəbələ Qobustan Quba Qubadlı Qusar Saatlı Sabirabad Şabran Salyan Şamaxı Samux Shaki Şəmkir Siyəzən Şuşa Tərtər Tovuz Ucar Xaçmaz Xızı Xocalı Xocavənd Yardımlı Yevlax Zaqatala Zəngilan Zərdab
71%
Thailand Amnat Charoen Ang Thong Bueng Kan Buriram Chachoengsao Chai Nat Chaiyaphum Chanthaburi Chiang Mai Chiang Rai Chonburi Chumphon Kalasin Kamphaeng Phet Kanchanaburi Khon Kaen Krabi Lampang Lamphun Loei Lopburi Mae Hong Son Maha Sarakham Mukdahan Nakhon Nayok Nakhon Pathom Nakhon Phanom Nakhon Ratchasima Nakhon Sawan Nakhon Si Thammarat Nan Narathiwat Nang Bua Lamphu Nong Khai Nonthaburi Pathum Thani Pattani Phang Nga Phatthalung Phayao Phetchabun Phetchaburi Phichit Phitsanulok Phra Nakhon Si Ayutthaya Phrae Phuket Prachinburi Prachuap Khiri Khan Ranong Ratchaburi Rayong Roi Et Sa Kaeo Sakon Nakhon Samut Prakan Samut Sakhon Samut Songkhram Saraburi Satun Sing Buri Sisaket Songkhla Sukhothai Suphan Buri Surat Thani Surin Tak Trang Trat Ubon Ratchathani Udon Thani Uthai Thani Uttaradit Yala Yasothon
71%
Switzerland Aargau Appenzell Ausserrhoden Appenzell Innerrhoden Basel-Landschaft Basel-Stadt Bern Fribourg Genève Glarus Graubünden Jura Luzern Neuchâtel Nidwalden Obwalden Schaffhausen Schwyz Solothurn St. Gallen Thurgau Ticino Uri Valais Vaud Zug Zürich
71%
Nigeria Abia Adamawa Akwa Ibom Anambra Bauchi Bayelsa Benue Borno Cross River Delta Ebonyi Edo Ekiti Enugu Gombe Imo Jigawa Kaduna Kano Katsina Kebbi Kogi Kwara Lagos Nasarawa Niger Ogun Ondo Osun Oyo Plateau Rivers Sokoto Taraba Yobe Zamfara
71%
Italy Abruzzo Apulia Basilicata Calabria Campania Emilia-Romagna Lazio Liguria Lombardy Marche Molise Piedmont Tuscany Umbria Vèneto
71%
United Arab Emirates Abu Dhabi Ajman Dubai Fujairah Ra's al-Khaimah Sharjah Umm al-Quwain
71%
Algeria Adrar Aïn Defla Ain Guezzam Ain Salah Aïn Témouchent Algiers Annaba Batna Béchar Béjaïa Béni Abbès Biskra Blida Bordj Badji Mokhtar Bordj Bou Arréridj Bouïra Boumerdès Chlef Constantine Djanet Djelfa el-Bayadh el-M'Ghair el-Menia el-Oued el-Tarf Ghardaïa Guelma Illizi Jijel Khenchela Laghouat M'Sila Mascara Médéa Mila Mostaganem Naâma Oran Ouargla Ouled Djellal Oum el-Bouaghi Relizane Saïda Sétif Sidi Bel Abbès Skikda Souk Ahras Tamanrasset Tébessa Tiaret Timimoun Tindouf Tipaza Tissemsilt Tizi Ouzou Tlemcen Touggourt
71%
North Macedonia Aerodrom Aračinovo Berovo Bitola Bogdanci Bogovinje Bosilovo Brvenica Butel Čair Čaška Centar Centar Župa Češinovo-Obleševo Čučer-Sandevo Debar Debarca Delčevo Demir Hisar Demir Kapija Dojran Dolneni Gazi Baba Gevgelija Gjorče Petrov Gostivar Gradsko Ilinden Jegunovce Karbinci Karpoš Kavadarci Kičevo Kisela Voda Kočani Konče Kratovo Kriva Palanka Krivogaštani Kruševo Kumanovo Lipkovo Lozovo Makedonska Kamenica Makedonski Brod Mavrovo i Rostuša Mogila Negotino Novaci Novo Selo Ohrid Pehčevo Petrovec Plasnica Prilep Probištip Radoviš Rankovce Resen Rosoman Saraj Sopište Staro Nagoričane Štip Struga Strumica Studeničani Šuto Orizari Sveti Nikole Tearce Tetovo Valandovo Vasilevo Veles Vevčani Vinica Vrapčište Zelenikovo Želino Zrnovci
71%
Norway Agder Akershus Buskerud Finnmark Østfold Innlandet Møre og Romsdal Nordland Oslo Rogaland Telemark Troms Trøndelag Vestfold Vestland
71%
Ghana Ahafo Ashanti Bono Bono East Central Eastern Greater Accra North East Northern Oti Savannah Upper East Upper West Volta Western Western North
71%
El Salvador Ahuachapán Cabañas Chalatenango Cuscatlán La Libertad La Paz La Unión Morazán San Miguel San Salvador San Vicente Santa Ana Sonsonate Usulután
71%
Japan Aichi Akita Aomori Chiba Ehime Fukui Fukuoka Fukushima Gifu Gunma Hiroshima Hyougo Ibaraki Ishikawa Iwate Kagawa Kagoshima Kanagawa Kouchi Kumamoto Mie Miyagi Miyazaki Nagano Nagasaki Nara Niigata Ooita Okayama Okinawa Saga Saitama Shiga Shimane Shizuoka Tochigi Tokushima Tottori Toyama Wakayama Yamagata Yamaguchi Yamanashi
71%
Jordan Ajloun Amman Aqaba Balqa Irbid Jerash Karak Ma'an Madaba Mafraq Tafilah Zarqa
71%
Iceland Akraneskaupstaður Akureyrarbær Árneshreppur Ásahreppur Bláskógabyggð Bolungarvíkurkaupstaður Borgarbyggð Dalabyggð Dalvíkurbyggð Eyja- og Miklaholtshreppur Eyjafjarðarsveit Fjallabyggð Fjarðabyggð Fljótsdalshreppur Flóahreppur Garðabær Grímsnes- og Grafningshreppur Grindavíkurbær Grundarfjarðarbær Grýtubakkahreppur Hafnarfjörður Hörgársveit Hrunamannahreppur Húnabyggð Húnaþing vestra Hvalfjarðarsveit Hveragerðisbær Ísafjarðarbær Kaldrananeshreppur Kjósarhreppur Kópavogsbær Langanesbyggð Mosfellsbær Múlaþing Mýrdalshreppur Norðurþing Rangárþing eystra Rangárþing ytra Reykhólahreppur Reykjanesbær Reykjavík Seltjarnarnesbær Skaftárhreppur Skagafjörður Skeiða- og Gnúpverjahreppur Skorradalshreppur Snæfellsbær Strandabyggð Stykkishólmur Súðavíkurhreppur Suðurnesjabær Svalbarðsstrandarhreppur Sveitarfélagið Árborg Sveitarfélagið Hornafjörður Sveitarfélagið Ölfus Sveitarfélagið Skagaströnd Sveitarfélagið Vogar Tjörneshreppur Vestmannaeyjabær Vesturbyggð Vopnafjarðarhreppur Þingeyjarsveit
71%
United Kingdom Akrotiri and Dhekelia Anguilla Bermuda British Antarctic Territory British Indian Ocean Territory British Virgin Islands Cayman Islands Falkland Islands Gibraltar Montserrat Pitcairn Islands Saint Helena, Ascension and Tristan da Cunha South Georgia and the South Sandwich Islands Turks and Caicos Islands
71%
Iraq al-Anbar al-Qādisiyyah Babil Baghdad Basra Dhi Qar Diyala Duhok Erbil Karbala Kirkuk Maysan Muthanna Najaf Ninawa Salah al-Din Sulaymaniyah Wasit
71%
Finland Åland Etelä-Karjala Etelä-Pohjanmaa Etelä-Savo Kainuu Kanta-Häme Keski-Pohjanmaa Keski-Suomi Kymenlaakso Lappi Österbotten Päijät-Häme Pirkanmaa Pohjois-Karjala Pohjois-Pohjanmaa Pohjois-Savo Satakunta Uusimaa Varsinais-Suomi
71%
Romania Alba Arad Argeș Bacău Bihor Bistrița-Năsăud Botoșani Brăila Brașov Buzău Călărași Caraș-Severin Cluj Constanța Covasna Dâmbovița Dolj Galați Giurgiu Gorj Harghita Hunedoara Ialomița Iași Ilfov Maramureș Mehedinți Mureș Neamț Olt Prahova Sălaj Satu Mare Sibiu Suceava Teleorman Timiș Tulcea Vâlcea Vaslui Vrancea
71%
Iran Alborz Ardabil Bushehr Chaharmahal and Bakhtiari East Azerbaijan Gilan Golestan Hamadan Hormozgan Ilan Isfahan Kerman Kermanshah Khuzestan Kohgiluyeh and Boyer-Ahmad Kurdistan Lorestan Markazi Mazandaran North Khorasan Pars Qazvin Qom Razavi Khorasan Semnan Sistan and Baluchestan South Khorasan Tehran West Azerbaijan Yazd Zanjan
71%
Egypt Alexandria Aswan Asyut Beheira Beni Suef Cairo Dakahlia Damietta Faiyum Gharbia Giza Ismailia Kafr el-Sheikh Luxor Matrouh Minya Monufia New Valley North Sinai Port Said Qalyubia Qena Red Sea Sharqia Sohag South Sinai Suez
71%
Syria al-Hasakah Aleppo Damascus Daraa Deir es-Zor Hama Homs Idlib Latakia Quneitra Raqqa Rif Dimashq Suwayda Tartus
71%
Djibouti Ali Sabieh Arta Dikhil Djibouti Region Obock Tadjoura
71%
Paraguay Alto Paraguay Alto Paraná Amambay Boquerón Caaguazú Caazapá Canindeyú Central Concepción Cordillera Guairá Itapúa Misiones Ñeembucú Paraguarí Presidente Hayes San Pedro
71%
Colombia Amazonas Antioquia Arauca Atlántico Bolívar Boyacá Caldas Caquetá Casanare Cauca Cesar Chocó Córdoba Cundinamarca Guainía Guaviare Huila La Guajira Magdalena Meta Nariño Norte de Santander Putumayo Quindío Risaralda San Andrés y Providencia Santander Sucre Tolima Valle del Cauca Vaupés Vichada
71%
Venezuela Amazonas Anzoátegui Apure Aragua Barinas Bolívar Carabobo Cojedes Delta Amacuro Falcón Guárico Guayana Esequiba La Guaira Lara Mérida Miranda Monagas Nueva Esparta Portuguesa Sucre Táchira Trujillo Yaracuy Zulia
71%
Spain Andalusia Aragon Asturias Balearic Islands Basque Country Canary Islands Cantabria Castile and León Castilla-La Marche Catalonia Extremadura Galicia La Rioja Madrid Murcia Navarre Valencia
71%
Vietnam An Giang Bạc Ninh Cà Mau Cao Bằng Đắk Lắk Điện Biên Đồng Nai Đồng Thap Gia Lai Hà Tĩnh Hưng Yên Khánh Hòa Lai Châu Lâm Đồng Lạng Sơn Lào Cai Nghệ An Ninh Binh Phú Thọ Quảng Ngãi Quảng Ninh Quảng Trị Sơn La Tây Ninh Thái Nguyên Thanh Hóa Tuyên Quang Vĩnh Long
71%
Eritrea Anseba Debub Gash-Barka Maekel Northern Red Sea Southern Red Sea
71%
Chile Antofagasta Araucanía Arica y Parinacota Atacama Aysén del General Carlos Ibáñez del Campo Biobío Coquimbo Libertador General Bernardo O'Higgins Los Lagos Los Ríos Magallanes and Chilean Antarctica Maule Ñuble Santiago Metropolitan Tarapacá Valparaíso
71%
Tunisia Ariana Béja Ben Arous Bizerte Gabès Gafsa Jendouba Kairouan Kasserine Kebili Kef Mahdia Manouba Medenine Monastir Nabeul Sfax Sidi Bouzid Siliana Sousse Tataouine Tozeur Tunis Zaghouan
71%
Haiti Artibonite Centre Grand'Anse Nippes Nord Nord-Est Nord-Ouest Ouest Sud Sud-Est
71%
Australia Ashmore and Cartier Islands Australian Antarctic Territory Christmas Island Cocos (Keeling) Islands Coral Sea Islands Heard Island and McDonald Islands Norfolk Island
71%
Greece Attica Central Greece Central Macedonia Crete Eastern Macedonia and Thrace Epirus Ionian Islands North Aegean Peloponnese South Aegean Thessaly Western Greece Western Macedonia
71%
Portugal Aveiro Beja Braga Bragança Castelo Branco Coimbra Évora Faro Guarda Leiria Portalegre Santarém Setúbal Viana do Castelo Vila Real Viseu
71%
Myanmar Ayeyarwady Bago Magway Mandalay Sagaing Tanintharyi Yangon
71%
Dominican Republic Azua Baoruco Barahona Dajabón Duarte El Seibo Elías Piña Espaillat Hato Mayor Hermanas Mirabal Independencia La Altagracia La Romana La Vega María Trinidad Sánchez Monseñor Nouel Monte Cristi Monte Plata Pedernales Peravia Puerto Plata Samaná San Cristóbal San José de Ocoa San Juan San Pedro de Macorís Sánchez Ramírez Santiago Santiago Rodríguez Santo Domingo Valverde
71%
Malawi Balaka Blantyre Chikwawa Chiradzulu Chitipa Dedza Dowa Karonga Kasungu Likoma Lilongwe Machinga Mangochi Mchinji Mulanje Mwanza Mzimba Neno Nkhata Bay Nkhotakota Nsanje Ntcheu Ntchisi Phalombe Rumphi Salima Thyolo Zombo
71%
Mali Bandiagara Bougouni Dioila Douentza Gao Kayes Kidal Kita Koulikoro Koutiala Ménaka Mopti Nara Nioro San Ségou Sikasso Taoudénit Tombouctou
71%
Cambodia Bântéay Méanchoăy Bătdâmbâng Kâmpóng Cham Kâmpóng Chhnăng Kâmpóng Spœ Kâmpóng Thum Kâmpót Kândal Kêb Kaôh Kŏng Krâchéh Môndôlkĭri Ŏttâr Méanchoăy Pailĭn Preăh Seihânŭ Preăh Vĭhar Preý Vŭng Poŭthĭsăt Rôtânôkĭri Siem Reap Stœ̆ng Trêng Svay Riĕng Takéo Tboung Khmum
71%
Kenya Baringo Bomet Bungoma Busia Elgeyo-Marakwet Embu Garissa Homa Bay Isiolo Kajiado Kakamega Kericho Kiambu Kilifi Kirinyaga Kisii Kisumu Kitui Kwale Laikipia Lamu Machakos Makueni Mandera Marsabit Meru Migori Mombasa Murang'a Nairobi Nakuru Nandi Narok Nyamira Nyandarua Nyeri Samburu Siaya Taita–Taveta Tana River Tharaka-Nithi Trans-Nzoia Turkana Uasin Gishu Vihiga Wajir West Pokot
71%
Democratic Republic of the Congo Bas-Uele Équateur Haut-Katanga Haut-Lomami Haut-Uele Ituri Kasaï Kasaï-Central Kasaï-Oriental Kongo Central Kwango Kwilu Lomami Lualaba Mai-Ndombe Maniema Mongala Nord-Ubangi North Kivu Sankuru South Kivu Sud-Ubangi Tanganyika Tshopo Tshuapa
71%
New Zealand Bay of Plenty Canterbury Hawke's Bay Manawatū-Whanganui Northland Otago Southland Taranaki Waikato Wellington West Coast
71%
Belize Belize Cayo Corozal Orange Walk Stann Creek Toledo
71%
Angola Bengo Benguela Bié Cabinda Cuando Cuanza Norte Cuanza Sul Cubango Cunene Huambo Huíla Icolo e Bengo Luanda Lunda Norte Lunda Sul Malanje Moxico Moxico Leste Namibe Uíge Zaire
71%
Morocco Béni Mellal-Khénifra Casablanca-Settat
Dakhla-Oued Ed-Dahab Drâa-Tafilalet
Fez-Meknes
Guelmim-Oued Noun
L'Oriental
Laâyoune-Sakia el-Hamra
Marrakech-Safi Rabat-Salé-Kénitra Souss-Massa Tangier-Tetouan-al-Hoceima
71%
Bulgaria Blagoevgrad Burgas Dobrich Gabrovo Haskovo Kardzhali Kyustendil Lovech Montana Pazardzhik Pernik Pleven Plovdiv Razgrad Ruse Shumen Silistra Sliven Smolyan Sofia City Sofia Stara Zagora Targovishte Vama Veliko Tarnovo Vidin Vratsa Yambol
71%
Sweden Blekinge Dalarna Gotland Gävleborg Halland Jämtland Jönköping Kalmar Kronoberg Norrbotten Skåne Stockholm Södermanland Uppsala Värmland Västerbotten Västernorrland Västmanland Västra Götaland Örebro Östergötland
71%
Panama Bocas del Toro Chiriquí Coclé Colón Darién Herrera Los Santos Panamá Panamá Oeste Veraguas
71%
Serbia Bor Braničevo Jablanica Kolubara
Kosovo Kosovo-Pomoravlje Kosovska Mitrovica
Mačva Moravica Nišava Pčinja
Peć
Pirot Podunavlje Pomoravlje
Prizren
Rasina Raška Šumadija Toplica Zaječar Zlatibor
71%
Republic of the Congo Bouenza Brazzaville Cuvette Cuvette-Ouest Kouilou Lékoumou Likouala Niari Plateaux Pointe-Noire Pool Sangha
71%
Belgium Brussels-Capital Flemish Waloon
71%
Argentina Buenos Aires Catamarca Chaco Chubut Córdoba Corrientes Entre Ríos Formosa Jujuy La Pampa La Rioja Mendoza Misiones Neuquén Río Gallegos Salta San Juan San Luis San Miguel de Tucumán Santa Fe Santiago del Estero Ushuaia Viedma
71%
Zimbabwe Bulawayo Harare Manicaland Mashonaland Central Mashonaland East Mashonaland West Masvingo Matabeleland North Matabeleland South Midlands
71%
Austria Burgenland Kärnten Nieder­österreich Ober­österreich Salzburg Steiermark Tirol Vorarlberg Wien
71%
Ireland Carlow Cavan Clare Cork Donegal Dún Laoghaire–Rathdown Fingal Galway Kerry Kildare Kilkenny Laois Leitrim Longford Louth Mayo Meath Monaghan Offaly Roscommon Sligo South Dublin Tipperary Westmeath Wexford Wicklow
71%
Czech Republic Central Bohemian Hradec Králové Karlovy Vary Liberec Moravian-Silesian Olomouc Pardubice Plzeň South Bohemian South Moravian Ústí nad Labem Vysočina Zlín
71%
Papua New Guinea Central Chimbu East New Britain East Sepik Eastern Highlands Enga Gulf Hela Jiwaka Madang Manus Milne Bay Morobe New Ireland Oro Sandaun Southern Highlands West New Britain Western Western Highlands
71%
Solomon Islands Central Choiseul Guadalcanal Isabel Makira-Ulawa Malaita Rennell and Bellona Temotu Western
71%
Zambia Central Copperbelt Eastern Luapula Lusaka Muchinga Northern North-Western Southern Western
71%
Sri Lanka Central Eastern North Central North Western Northern Sabaragamuwa Southern Uva Western
71%
Fiji Central Eastern Northern Western
71%
Togo Centrale Kara Maritime Plateaux Savanes
71%
North Korea Chagang Kangwŏn
Kyŏnggi
North Chŏlla
North Ch'ungch'ŏng
North Hamgyŏng North Hwanghae
North Kyŏngsang
North Pyŏngan Ryanggang
South Chŏlla
South Ch'ungch'ŏng
South Hamgyŏng South Hwanghae
South Kyŏngsang
South Pyŏngan
71%
Taiwan Changhua Chiayi Hsinchu Hualien Kinmen Lienchiang Miaoli Nantou Penghu Pingtung Taitung Yilan Yunlin
71%
South Korea Chungcheongbuk-do Chungcheongnam-do
Gangwon
Gyeonggi-do
Gyeongsangbuk-do Gyeongsangnam-do
Hamgyeong
Hwanghae
Jeollanam-do Jeonbuk
Pyeongan
71%
Jamaica Clarendon Hanover Manchester Portland Saint Ann Saint Catherine Saint Elizabeth Saint James Saint Mary Saint Thomas Trelawny Westmoreland
71%
Senegal Dakar Diourbel Fatick Kaffrine Kaolack Kédougou Kolda Louga Matam Saint-Louis Sédhiou Tambacounda Thiès Ziguinchor
71%
Netherlands Drenthe Flevoland Friesland Gelderland Groningen Limburg North Brabant North Holland Overijssel South Holland Utrecht Zeeland
71%
Denmark Hovedstaden Midtjylland Nordjylland Sjælland Syddanmark
71%
Malaysia Johor Kedah Kelantan Malacca Negeri Sembilan Pahang Penang Perak Perlis Sabah Sarawak Selangor Terengganu
71%
Cyprus
Famagusta
Kyrenia
Lamaca
Limassol
Nicosia
Paphos
71%
Slovenia Ajdovščina Ankaran Apače Beltinci Benedikt Bistrica ob Sotli Bled Bloke Bohinj Borovnica Bovec Braslovče Brda Brežice Brezovica Cankova Cerklje na Gorenjskem Cerknica Cerkno Cerkvenjak Cirkulane Črenšovci Črna na Koroškem Črnomelj Destrnik Divača Dobje Dobrepolje Dobrna Dobrova–Polhov Gradec Dobrovnik Dol pri Ljubljani Dolenjske Toplice Domžale Dornava Dravograd Duplek Gorenja vas–Poljane Gorišnica Gorje Gornja Radgona Gornji Grad Gornji Petrovci Grad Grosuplje Hajdina Hoče-Slivnica Hodoš Horjul Hrastnik Hrpelje-Kozina Idrija Ig Ilirska Bistrica Ivančna Gorica Izola Jesenice Jezersko Juršinci Kamnik Kanal ob Soči Kidričevo Kobarid Kobilje Kočevje Komen Komenda Kostanjevica na Krki Kostel Kozje Kranjska Gora Križevci Kungota Kuzma Laško Lenart Lendava Litija Ljubno Ljutomer Log-Dragomer Logatec Loška dolina Loški Potok Lovrenc na Pohorju Luče Lukovica Majšperk Makole Markovci Medvode Mengeš Metlika Mežica Miklavž na Dravskem polju Miren-Kostanjevica Mirna Mirna Peč Mislinja Mokronog-Trebelno Moravče Moravske Toplice Mozirje Muta Naklo Nazarje Odranci Oplotnica Ormož Osilnica Pesnica Piran Pivka Podčetrtek Podlehnik Podvelka Poljčane Polzela Postojna Prebold Preddvor Prevalje Puconci Rače-Fram Radeče Radenci Radlje ob Dravi Radovljica Ravne na Koroškem Razkrižje Rečica ob Savinji Renče–Vogrsko Ribnica Ribnica na Pohorju Rogaška Slatina Rogašovci Rogatec Ruše Šalovci Selnica ob Dravi Semič Šempeter-Vrtojba Šenčur Šentilj Šentjernej Šentjur Šentrupert Sevnica Sežana Škocjan Škofja Loka Škofljica Slovenska Bistrica Slovenske Konjice Šmarje pri Jelšah Šmarješke Toplice Šmartno ob Paki Šmartno pri Litiji Sodražica Solčava Šoštanj Središče ob Dravi Starše Štore Straža Sveta Ana Sveta Trojica v Slovenskih goricah Sveti Andraž v Slovenskih goricah Sveti Jurij ob Ščavnici Sveti Jurij v Slovenskih goricah Sveti Tomaž Tabor Tišina Tolmin Trbovlje Trebnje Trnovska vas Tržič Trzin Turnišče Velika Polana Velike Lašče Veržej Videm Vipava Vitanje Vodice Vojnik Vransko Vrhnika Vuzenika Zagorje ob Savi Žalec Zavrč Železniki Žetale Žiri Žirovnica Zreče Žužemberk
57%
Kazakhstan Abai Akmola Aktobe Almaty Atyrau East Kazakhstan Jambyl Jatisu Karaganda Kostanay Kyzylorda Mangystau North Kazakhstan Pavlodar Turkistan Ulytau West Kazakhstan
57%
Yemen Abyan Aden al-Bayda al-Hudaydah al-Jawf al-Mahrah al-Mahwit Amanat al-Asimaha 'Amran Dhale Dhamar Hadramaut Hajjah Ibb Lahij Ma'rib Raymah Sa'dah Shabwah Socotra Archipelago Taiz
57%
Latvia Ādaži Aizkraukle Alūksne Augšdaugava Balvi Bauska Cēsis Dobele Gulbene Jēkabpils Jelgava Ķekava Krāslava Kuldīga Limbaži Līvāni Ludza Madona Mārupe Ogre Olaine Preiļi Rēzekne Ropaži Salaspils Saldus Saulkrasti Sigulda Smiltene South Kurzeme Talsi Tukums Valka Valmiera Varakļāni Ventspils
57%
Oman ad-Dakhiliyah ad-Dhahirah al-Batinah North al-Batinah South al-Buraimi al-Wusta ash-Sharqiyah North ash-Sharqiyah South Dhofar Musandam Muscat
57%
Qatar ad-Dawhah al-Daayen al-Khor al-Rayyan al-Shamal al-Wakrah al-Shahaniya Umm Salal
57%
Niger Agadez Diffa Dosso Maradi Niamey Tahoua Tillabéri Zinder
57%
São Tomé and Príncipe Água Grande Cantagalo Caué Lembá Lobata Mé-Zóchi
57%
Turkmenistan Ahal Balkan Daşoguz Lebap Mary
57%
Marshall Islands Ailinginae Ailinglaplap Ailuk Amo Aur Bikar Bokak Ebon Enewetok-Ujelang Jabat Jaluit Kili-Bikini-Ejit Kwajalein Lae Lib Likiep Majuro Maloelap Mejit Mili Nadikdik Namorik Namu Rongelap Rongerik Ujae Utirik Wake Wotho Wotje
57%
Costa Rica Alajuela Cartago Guanacaste Heredia Limón Puntarenas San José
57%
Madagascar Alaotra-Mangoro Amoron'i Mania Analamanga Analanjirofo Androy Anosy Atsimo-Andrefana Atsimo-Atsinanana Atsinanana Betsiboka Boeny Bongolava Diana Fitovinany Ihorombe Itasy Matsiatra Ambony Melaky Menabe Sava Sofia Vakinankaratra Vatovavy
57%
Libya al-Butnan al-Jabal al-Akhdar al-Jabal al-Gharbi al-Jafarah al-Jufrah al-Kufra al-Marj al-Wahat an-Nuqat al-Khams Az Zawiyah Benghazi Damah Ghat Marqab Misrata Murzug Nalut Sabha Surt Tarabulus Wadi al-Hayat Wadi ash-Shati'
57%
Lithuania Alytus Kaunas Klaipėda Marijampolė Panevėžys Šiauliai Tauragė Telšiai Utena Vilnius
57%
Uzbekistan Andijan Bukhara Fergana Jizzakh Namangan Navoiy Qashqadaryo Samarqand Sidaryo Surxondaryo Tashkent Xorazm
57%
Montenegro Andrijevica Bar Berane Bijelo Polje Budva Cetinje Danilovgrad Gusinje Herceg Novi Kolašin Kotor Mojkovac Nikšić Petnjica Plav Pljevlja Plužine Rožaje Šavnik Tivat Tuzi Ulcinj Žabljak Zeta
57%
Moldova Anenii Noi Basarabeasca Briceni Cahul Călărași Cantemir Căușeni Cimișlia Criuleni Dondușeni Drochia Dubăsari Edineț Fălești Florești Glodeni Hîncești Ialoveni Leova Nisporeni Ocnița Orhei Rezina Rîșcani Sîngerei Șoldănești Soroca Ștefan Vodă Strășeni Taraclia Telenești Ungheni
57%
Armenia Aragatsotn Ararat Armavir Gegharkunik Kotayk Lori Shirak Syunik Tavush Vayots Dzor
57%
Mongolia Arkhangai Bayan-Ölgii Bayankhongor Bulgan Darkhan-Uul Dornod Dornogovi Dundgobi Govi-Altai Govisümber Khentii Khovd Khövsgöl Ömnögovi Orkhon Övörkhangai Selenge Sükhbaatar Töv Uvs Zavkhan
57%
Uruguay Artigas Canelones Cerro Largo Colonia Durazno Flores Florida Lavalleja Maldonado Montevideo Paysandú Río Negro Rivera Rocha Salto San José Soriano Tacuarembó Treinta y Tres
57%
Honduras Atlántida Bay Islands Choluteca Colón Comayagua Copán Cortés El Paraíso Francisco Morazán Gracias a Dios Intibucá La Paz Lempira Ocotepeque Olancho Santa Bárbara Valle Yoro
57%
Laos Attapeu Bokeo Bolikhamsai Champasak Houaphanh Khammouane Luang Namtha Luang Prabang Oudomxay Phongsaly Sainyabuli Salavan Savannakhet Sekong Vientiane Xaisomboun Xiengkhouang
57%
Hungary Bács-Kiskun Baranya Békés Borsod-Abaúj-Zemplén Csongrád-Csanád Fejér Győr-Moson-Sopron Hajdú-Bihar Heves Jász-Nagykun-Szolnok Komárom-Esztergom Nógrád Pest Somogy Szabolcs-Szatmár-Bereg Tolna Vas Veszprém Zala
57%
Guinea-Bissau Bafatá Biombo Bolama Cacheu Gabú Oio Quinara Tombali
57%
Chad Bahr el Gazel Batha Borkou Chari-Baguirmi Ennedi Est Ennedi-Ouest Guéra Hadjer-Lamis Kanem Lac Logone Occidental Logone Oriental Mandoul Mayo-Kebbi Est Mayo-Kebbi Ouest Moyen-Chari Ouaddaï Salamat Sila Tandjilé Tibesti Wadi Fira
57%
Liechtenstein Balzers Eschen Gamprin Mauren Planken Ruggell Schaan Schellenberg Triesen Triesenberg Vaduz
57%
Central African Republic Bamingui-Bangoran Basse-Kotto Haut-Mbomou Haute-Kotto Kémo Lim-Pendé Lobaye Mambéré Mambéré-Kadéï Mbomou Nana-Grébizi Nana-Mambéré Ombella-M'Poko Ouaka Ouham Ouham-Fafa Ouham-Pendé Sangha-Mbaéré Vakaga
57%
Slovakia Banská Bystrica Bratislava Košice Nitra Prešov Trenčín/ Trnava Žilina
57%
Bangladesh Barisal Chattogram Dhaka Khulna Mymensingh Rajshahi Rangpur Sylhet
57%
Côte d'Ivoire Bas-Sassandra Comoé Denguélé Gôh-Djiboua Lacs Lagunes Montagnes Sassandra-Marahoué Savanes Vallée du Bandama Woroba Zanzan
57%
Kyrgyzstan Batken Chüy Issyk-Kul Jalal-Abad Naryn Osh Talas
57%
Bolivia Beni Chuquisaca Cochabamba La Paz Oruro Pando Potosí Santa Cruz Tarija
57%
Albania Berat Dibër Durrës Elbasan Fier Gjirokastër Korçë Kukës Lezhë Shkodër Tirana Vlorë
57%
Croatia Bjelovar-Bilogora Brod-Posavina Dubrovnik-Neretva Istria Karlovac Koprivnica-Križevci Krapina-Zagorje Lika-Senj Međimurje Osijek-Baranja Požega-Slavonia Primorje-Gorski Kotar Sisak-Moslavina Split-Dalmatia Šibenik-Knin Varaždin Virovitica-Podravina Vukovar-Srijem Zadar Zagreb City of Zagreb
57%
Nicaragua Boaco Carazo Chinandega Chontales Estelí Granada Jinotega León Madriz Managua Masaya Matagalpa Nueva Segovia Río San Juan Rivas
57%
Guinea Boké Conakry Faranah Kankan Kindia Labé Mamou Nzérékoré
57%
Burkina Faso Boucle du Mouhoun Cascades Centre Centre-Est Centre-Nord Centre-Ouest Centre-Sud Est Hauts-Bassins Nord Plateau-Central Sahel Sud-Ouest
57%
Belarus Brest Gomel Grodno Minsk Mogilev Vitebsk
57%
Suriname Brokopondo Commewijne Coronie Marowijne Nickerie Para Paramaribo Saramacca Sipaliwini Wanica
57%
Bhutan Bumthang Chhukha Dagana Gasa Haa Lhuentse Mongar Paro Pemagatshel Punakha Samdrup Jongkhar Samtse Sarpang Thimphu Trashigang Trashiyangtse Trongsa Tsirang Wangdue Phodrang Zhemgang
57%
Mozambique Cabo Delgado Gaza Inhambane Manica Maputo Nampula Niassa Sofala Tete Zambezia
57%
Bahrain Capital Muharraq Northern Southern
57%
Singapore Central Singapore North East North West South East South West
57%
Saint Vincent and the Grenadines Charlotte Grenadines Saint Andrew Saint David Saint George Saint Patrick
57%
Barbados Christ Church St. Andrew St. George St. James St. John St. Joseph St. Lucy St. Michael St. Peter St. Philip St. Thomas
57%
Micronesia Chuuk Kosrae Pohnpei Yap
57%
Trinidad and Tobago Couva–Tabaquite–Talparo Mayaro–Rio Claro Penal–Debe Princes Town San Juan–Laventille Sangre Grande Tunapuna–Piarco
57%
Luxembourg Dikrech Esch-Uelzecht Gréiwemaacher Iechternach Kapellen Klierf Luxembourg Miersch Réiden Réimech Veianen Wolz
57%
Palestine
Bethlehem
Deir al-Balah Gaza
Hebron Jenin Jericho Jerusalem
Khan Yunis
Nablus
North Gaza
Qalqilya
Rafah
Ramallah wa al-Bireh
Salfit Tubas Tulkarm
57%
Bosnia and Herzegovina Federation of Bosnia and Herzegovina Republika Srpska
57%
Kosovo Ferizaj Gjakova Gjilan Mitrovica Peja Pristina Prizren
57%
Dominica Saint Andrew Saint David Saint George Saint John Saint Joseph Saint Luke Saint Mark Saint Patrick Saint Paul Saint Peter
57%
Grenada Saint Andrew Saint David Saint George Saint John Saint Mark Saint Patrick
57%
Antigua and Barbuda Saint George Saint John Saint Mary Saint Paul Saint Peter Saint Philip
57%
Comoros
Maore
Mwali Ndzuani Ngazidja
57%
San Marino Acquaviva Borgo Maggiore Chiesanuova Domagnano Faetano Fiorentino Montegiardino San Marino Serravalle
43%
Palau Aimeliik Airai Angaur Hatohobei Kayangel Koror Melekeok Ngaraard Ngarchelong Ngardmau Ngatpang Ngchesar Ngeremlengui Ngiwal Peleliu Sonsorol
43%
Nauru Aiwo Anabar Anetan Anibare Baiti Boe Buada Denigomodu Ewa Ijuw Meneng Nibok Uaboe Yaren
43%
Andorra Andorra la Vella Canillo Encamp Escaldes–Engordany La Massana Ordino Sant Julià de Lòria
43%
Saint Lucia Anse la Raye Canaries Castries Choiseul Dennery Gros Islet Laborie Micoud Soufrière Vieux Fort
43%
Maldives Ari Atholhu Dhekunuburi Ari Atholhu Uthuruburi Faadhippolhu Felidhu Atholhu Haddhunmathi Huvadhu Atholhu Uthuruburi Kolhumadulu Maalhosmadulu Dhekunuburi Maalhosmadulu Uthuruburi Malé Atholhu Miladhunmadulu Dhekunuburi Miladhunmadulu Uthuruburi Mulak Atholhu Nilandhe Atholhu Dhekunuburi Nilandhe Atholhu Uthuruburi Thiladhunmathi Uthuruburi
43%
Ecuador Azuay Bolívar Cañar Carchi Chimborazo Cotopaxi El Oro Esmeraldas Galápagos Guayas Imbabura Loja Los Ríos Manabí Morona Santiago Napo Orellana Pastaza Pichincha Santa Elena Santo Domingo de los Tsáchilas Sucumbíos Tungurahua Zamora Chinchipe
43%
Gambia Basse Brikama Janjanbureh Kanifing Kerewan Kuntaur Mansa Konko
43%
Lesotho Berea Butha-Buthe Leribe Mafeteng Maseru Mohale's Hoek Mokhotlong Qacha's Nek Quthing Thaba-Tseka
43%
Philippines Bicol Cagayan Valley Calabarzon Caraga Central Luzon Central Visayas Cordillera Davao Eastern Visayas Ilocos National Capital Region Negros Island Northern Mindanao Soccsksargen Southwestern Tagalog Western Visayas Zamboanga
43%
Liberia Bomi Bong Gbarpolu Grand Bassa Grand Cape Mount Grand Gedeh Grand Kru Lofa Margibi Maryland Montserrado Nimba River Gee Rivercess Sinoe
43%
Burundi Buhumuza Bujumbura Burunga Butanyerera Gitega
43%
Mauritius
Chagos Archipelago
Mauritius
Tromelin
43%
Poland Greater Poland Holy Cross Kuyavian-Pomeranian Lesser Poland Łódź Lower Silesian Lublin Lubusz Masovian Opole Podlaskie Pomeranian Silesian Subcarpathian Warmian-Masurian West Pomeranian
43%
Estonia Harju Hiiu Ida-Viru Järva Jõgeva Lääne Lääne-Viru Pärnu Põlva Rapla Saare Tartu Valga Viljandi Võru
43%
Tajikistan Khatlon Sughd
43%
Vanuatu Malampa Penama Sanma Shefa Tafea Torba
43%
Abkhazia
Gagra Gali Gudauta Gulripshi Sukhumi Ochamchira Tkvarcheli
43%
Mauritania Adrar Assaba Brakna Dakhlet Nouadhibou Gorgol Guidimaka Hodh Ech Chargui Hodh El Gharbi Inchiri Nouakchott-Nord Nouakchott-Ouest Nouakchott-Sud Tagant Tiris Zemmour Trarza
29%
Kuwait Ahmadi Asimah Farwaniya Hawalli Jahra Mubarak al-Kabir
29%
Timor-Leste Aileu Ainaro Atauro Baucau Bobonaro Cova Lima Dili Ermera Lautém Liquiçá Manatuto Manufahi Oecusse Viqueque
29%
Benin Alibori Atakora Atlantique Borgou Collines Donga Kouffo Littoral Mono Ouémé Plateau Zou
29%
Equatorial Guinea Annobón Bioko Norte Bioko Sur Centro Sur Djibloho Kié-Ntem Litoral Wele-Nzas
29%
Seychelles Anse aux Pins Anse Boileau Anse Etoile Anse Royale Au Cap Baie Lazare Baie Sainte Anne Beau Vallon Bel Air Bel Ombre Cascade English River Glacis Grand'Anse Grand'Anse Praslin Ile Perseverance One Ile Perseverance Two La Digue and Inner Islands Les Mamelles Mont Buxton Mont Fleuri Outer Islands Plaisance Pointe La Rue Port Glaud Roche Caïman Saint Louis Takamaka
29%
Western Sahara Auserd Dakhla Laâyoune Smāra
29%
Nepal Bagmati Gandaki Karnali Koshi Lumbini Madhesh Sudurpashchim
29%
Guyana Barima-Waini Cuyuni-Mazaruni Demerara-Mahaica East Berbice-Corentyne Essequibo Islands-West Demerara Mahaica-Berbice Pomeroon-Supenaam Potaro-Siparuni Upper Demerara-Berbice Upper Takutu-Upper Essequibo
29%
South Sudan Central Equatoria Eastern Equatoria Jonglei Lakes Northern Bahr el Ghazal Unity Upper Nile Warrap Western Bahr el Ghazal Western Equatoria
29%
Namibia Erongo Hardap Kavango East Kavango West ǁKaras Khomas Kunene Ohangwena Omaheke Omusati Oshana Oshikoto Otjozondjupa Zambezi
29%
Gabon Estuaire Haut-Ogooué Moyen-Ogooué Ngounié Nyanga Ogooué-Ivindo Ogooué-Lolo Ogooué-Maritime Woleu-Ntem
29%
Monaco Fontvieille Jardin Exotique La Condamine La Rousse Larvotto Le Portier Les Moneghetti Monaco-Ville Monte-Carlo
29%
Tuvalu Funafuti Nanumanga Nanumea Niulakita Niutao Nui Nukufetau Nukulaelae Vaitupu
29%
eSwatini kaHhohho eLubonjeni kaManzini eShiselweni
29%
Saint Kitts and Nevis Nevis Saint Kitts
29%
Somaliland
Awdal Marodi Jeh Sahil Sanaag Sool Togdheer
29%
Transnistria
Camenca Dubăsari Grigoriopol Rîbnița Slobozia
29%
South Ossetia
Dzau Leningor Tskhinvali Znaur
29%
Samoa Aʻana Aiga-i-le-Tai Atua Faʻasaleleaga Gagaʻemauga Gagaʻifomauga Palauli Satupaʻitea Tuamasaga Vaʻa-o-Fonoti Vaisigano
14%
Brunei Belait Brunei-Muara Temburong Tutong
14%
Tonga ʻEua Haʻapai Ongo Niua Tongatapu Vavaʻu
14%
Northern Cyprus
GazimağusaGirne Güzelyurt İskele Lefka Lefkoşa
0%
No matching quizzes found
Score Distribution
Percent of People with Each Score
Percentile by Number Answered
Your Score History
You have not taken this quiz since the last reset